| 000 | 00870cam a22002775a 4500 | ||
|---|---|---|---|
| 005 | 20171024114808.0 | ||
| 008 | 110315r20051996enka|||frb||| 001 0deng d | ||
| 020 | _a 0719059542 | ||
| 020 | _a9780719059544 | ||
| 040 |
_beng _cEG-ScBUE |
||
| 082 | 0 | 4 |
_a341.2 _bWHI _222 |
| 100 | 1 |
_aWhite, Nigel D. _922587 |
|
| 245 | 1 | 4 |
_aThe law of international organisations / _cNigel D. White. |
| 250 | _a2nd ed. | ||
| 260 |
_aManchester : _bManchester University Press, _c2005. |
||
| 300 |
_axii, 242 p. ; _c24 cm. |
||
| 490 | 0 | _aMelland Schill studies in international law | |
| 500 | _aIndex : p. 234-242. | ||
| 504 | _aIncludes bibliographical references . | ||
| 590 | _adoaa mohamed | ||
| 650 |
_911157 _aInternational organization. _2BUEsh |
||
| 651 | _2BUEsh | ||
| 653 |
_bBUSBOL _cAugust2015 |
||
| 650 |
_910516 _aInternational agencies _2BUEsh |
||
| 942 |
_2ddc _cBB |
||
| 999 |
_c15014 _d15014 |
||